Применение технологии коммуникационного контроллера в системах передачи технологической информации со сложной топологией. Коммуникационный контроллер ЭЛСИ-КОМ; Промышленные АСУ и контроллеры; № 3

Bibliographic Details
Parent link:Промышленные АСУ и контроллеры: ежемесячный научно-технический производственный журнал.— , 2002-
№ 3.— 2006.— С. 38-40
Main Author: Регентов А. В.
Other Authors: Нестеренко П. Г.
Language:Russian
Published: 2006
Series:Технические средства АСУТП
Subjects:
Format: Book Chapter
KOHA link:https://koha.lib.tpu.ru/cgi-bin/koha/opac-detail.pl?biblionumber=400798

MARC

LEADER 00000naa2a2200000 4500
001 400798
005 20231101065436.0
035 |a (RuTPU)RU\TPU\prd\43467 
090 |a 400798 
100 |a 20060515a2006 k y0rusy50 ca 
101 0 |a rus 
102 |a RU 
200 1 |a Применение технологии коммуникационного контроллера в системах передачи технологической информации со сложной топологией. Коммуникационный контроллер ЭЛСИ-КОМ  |f А. В. Регентов, П. Г. Нестеренко 
225 1 |a Технические средства АСУТП 
320 |a Библиогр.: 4 назв. 
461 0 |0 (RuTPU)RU\TPU\prd\2287  |t Промышленные АСУ и контроллеры  |o ежемесячный научно-технический производственный журнал  |d 2002- 
463 0 |0 (RuTPU)RU\TPU\prd\42790  |t № 3  |v С. 38-40  |d 2006 
610 1 |a сетевые многофункциональные контроллеры 
610 1 |a коммуникационные контроллеры ЭЛСИ-КОМ 
610 1 |a применение 
610 1 |a технологическая информация 
610 1 |a системы передач 
610 1 |a сложная топология 
610 1 |a описание 
610 1 |a назначение 
610 1 |a аппаратное обеспечение 
610 1 |a программное обеспечение 
610 1 |a протоколы связи 
610 1 |a специализированные устройства 
610 1 |a преобразование 
610 1 |a интерфейсы 
610 1 |a телекоммуникационное оборудование 
700 1 |a Регентов  |b А. В. 
701 1 |a Нестеренко  |b П. Г. 
801 1 |a RU  |b 63413507  |c 20060515  |g PSBO 
942 |c BK